Southville International School and Colleges
Your cart is empty.
  • Cart
  • Lists
    Public lists Eva Luna New books Lux_list list_1
    Your lists Log in to create your own lists
  • Log in to your account
  • Your cookies
  • Search history
Southville International School and Colleges
  • Advanced search
  • Recent comments
  • Most popular
  • Libraries

Log in to your account

Log in with GOOGLE


If you do not have an external account, but do have a local account, you can still log in:

  1. Home
  2. MARC view: Best-selling chapter middle level /
Normal view MARC view ISBD view

Best-selling chapter middle level / (Record no. 10245)

[ view plain ]
MARC details
000 -LEADER
fixed length control field 00575nam a22002057a 4500
003 - CONTROL NUMBER IDENTIFIER
control field SISC
005 - DATE AND TIME OF LATEST TRANSACTION
control field 20160314143223.0
008 - FIXED-LENGTH DATA ELEMENTS--GENERAL INFORMATION
fixed length control field 130903t xxu||||| |||| 00| 0 eng d
020 ## - INTERNATIONAL STANDARD BOOK NUMBER
International Standard Book Number 0890617554
050 ## - LIBRARY OF CONGRESS CALL NUMBER
Classification number PE 1121
Item number .H313 1994
082 ## - DEWEY DECIMAL CLASSIFICATION NUMBER
Classification number HS 808.042
Item number H24 1994
100 ## - MAIN ENTRY--PERSONAL NAME
Personal name Harris, Raymond
9 (RLIN) 16234
245 ## - TITLE STATEMENT
Title Best-selling chapter middle level /
Statement of responsibility, etc Raymond Harris
260 ## - PUBLICATION, DISTRIBUTION, ETC. (IMPRINT)
Place of publication, distribution, etc Chicago, Illinois :
Name of publisher, distributor, etc Jamestown Publishers,
Date of publication, distribution, etc c1994.
300 ## - PHYSICAL DESCRIPTION
Extent 464 p. :
Dimensions 23 cm.
650 ## - SUBJECT ADDED ENTRY--TOPICAL TERM
Topical term or geographic name as entry element Writing
9 (RLIN) 16154
650 ## - SUBJECT ADDED ENTRY--TOPICAL TERM
Topical term or geographic name as entry element Reading
9 (RLIN) 902
942 ## - ADDED ENTRY ELEMENTS (KOHA)
Source of classification or shelving scheme Library of Congress Classification
Koha item type Books
Holdings
Withdrawn status Lost status Source of classification or shelving scheme Damaged status Home library Current library Shelving location Date acquired Total Checkouts Full call number Barcode Date last seen Copy number Price effective from Koha item type
    Library of Congress Classification   Luxembourg Library Luxembourg Library High School Section 09/03/2013   PE 1121 .H313 1994 7906 03/14/2016 1 09/03/2013 Books

Best-selling chapter middle level /

APA

Harris R., . (1994). Best-selling chapter middle level. Chicago, Illinois: Jamestown Publishers.

Chicago

Harris Raymond, . 1994. Best-selling chapter middle level. Chicago, Illinois: Jamestown Publishers.

Harvard

Harris R., . (1994). Best-selling chapter middle level. Chicago, Illinois: Jamestown Publishers.

MLA

Harris Raymond, . Best-selling chapter middle level. Chicago, Illinois: Jamestown Publishers. 1994.

  • Place hold
  • Print
  • Cite
  • Add to your cart (remove)
  • Save record
    BIBTEX Dublin Core MARCXML MARC (non-Unicode/MARC-8) MARC (Unicode/UTF-8) MARC (Unicode/UTF-8, Standard) MODS (XML) RIS
  • More searches
    Search for this title in:
    Other Libraries (WorldCat) Other Databases (Google Scholar) Online Stores (Bookfinder.com) Open Library (openlibrary.org)

Exporting to Dublin Core...

SOUTHVILLE LIBRARY

Southville International School and Colleges Library

1281 Tropical Ave. Cor. Luxembourg St., BF Homes International, Las Pinas City

Tel. No. 8256374 / 252358 Loc. 117/146

Powered by Koha